Origine des noms des planètes du Système solaire - Statistiques

Statistiques générales
  • Ce quiz a été pris 45 fois
  • Le résultat moyen est 8 sur 12
Statistiques - réponses
Hint Réponse % Correct
Vénus Déesse de l'amour dans la mythologie romaine
89%
Mars Dieu de la guerre dans la mythologie romaine
89%
Neptune Dieu de la mer dans la mythologie romaine
78%
Jupiter Maître des dieux dans la mythologie romaine
73%
Cérès (planète naine) Déesse de l'agriculture dans la mythologie romaine
68%
Mercure Messager des dieux dans la mythologie romaine
68%
Uranus Dieu du Ciel dans la mythologie romaine
65%
Hauméa (planète naine) Déesse de la fertilité dans la mythologie hawaïenne
59%
Pluton (planète naine) Dieu des Enfers dans la mythologie romaine
59%
Éris (planète naine) Déesse de la discorde dans la mythologie grecque
54%
Saturne Dieu du temps dans la mythologie romaine
51%
Makémaké (planète naine) Dieu créateur dans la mythologie de l'île de Pâques
43%
Aucun quiz correspondant
Distribution des résultats
% des personnes avec chaque résultat
Percentile par nombre de réponses
Votre historique - résultats
Vous n’avez pas pris ce quiz